Инновационные технологии в сервисе (Запись № 10498564)
[ простой вид ]
| 000 -МАРКЕР | |
|---|---|
| контрольное поле | 02243nam0a2200337 i 4500 |
| 001 - ИДЕНТИФИКАТОР ЗАПИСИ | |
| контрольное поле | RU\NLR\BIBL_A\010879769 |
| 005 - ИДЕНТИФИКАТОР ВЕРСИИ | |
| контрольное поле | 20260406093906.0 |
| 010 ## - МЕЖДУНАРОДНЫЙ СТАНДАРТНЫЙ НОМЕР КНИГИ (ISBN) | |
| Номер (ISBN) | 9785731032452 |
| Цена | 150 |
| 021 ## - НОМЕР ГОСУДАРСТВЕННОЙ РЕГИСТРАЦИИ | |
| Код страны | Российская Федерация |
| Номер | 2015-75590 |
| Номер Листа государственной регистраци | 4560 |
| 035 ## - ДРУГИЕ СИСТЕМНЫЕ НОМЕРА | |
| Идентификатор записи | (NLR Aleph) 010879769 |
| 100 ## - ДАННЫЕ ОБЩЕЙ ОБРАБОТКИ | |
| Данные общей обработки | 20151102d2015 k y0rusy50 ca |
| 101 0# - ЯЗЫК РЕСУРСА | |
| Язык текста, звукозаписи и т.д. | русский |
| -- | английский |
| 102 ## - СТРАНА ПУБЛИКАЦИИ ИЛИ ПРОИЗВОДСТВА | |
| Страна публикации | Российская Федерация |
| 105 ## - ПОЛЕ КОДИРОВАННЫХ ДАННЫХ: ТЕКСТОВЫЕ МАТЕРИАЛЫ, МОНОГРАФИЧЕСКИЕ | |
| Кодированные данные о монографическом текстовом документе | |||z|||100 |
| 200 1# - ЗАГЛАВИЕ И СВЕДЕНИЯ ОБ ОТВЕТСТВЕННОСТИ | |
| Основное заглавие | Инновационные технологии в сервисе |
| Параллельное заглавие | Innovative technologies in service |
| Сведения, относящиеся к заглавию | сборник материалов IV Международной научно-практической конференции, 18-19 декабря 2014 года |
| Первые сведения об ответственности | под ред. д.э.н., проф. А. Е. Карлика |
| Язык параллельного заглавия | английский |
| 210 ## - ПУБЛИКАЦИЯ, РАСПРОСТРАНЕНИЕ И ДР. | |
| Место издания, распространения и т.д. | Санкт-Петербург |
| Имя издателя, распространителя и т. д. | Изд-во Санкт-Петербургского государственного экономического университета |
| Дата издания, распространения и т.д. | 2015 |
| 215 ## - ФИЗИЧЕСКАЯ ХАРАКТЕРИСТИКА | |
| Специфическое обозначение материала и объем | 471 с. |
| Другие сведения о физической характеристике | ил. |
| Размеры | 20 |
| 300 ## - ОБЩИЕ ПРИМЕЧАНИЯ | |
| Текст примечания | В надзаг.: Межпарламент. ассамблея государств-участников Содружества независимых государств, М-во образования и науки Рос. Федерации, Ком. по науке и высш. шк. Санкт-Петербурга [и др.] |
| 300 ## - ОБЩИЕ ПРИМЕЧАНИЯ | |
| Текст примечания | Часть текста на англ. яз. |
| 320 ## - ПРИМЕЧАНИЯ О НАЛИЧИИ В ДОКУМЕНТЕ БИБЛИОГРАФИИ / УКАЗАТЕЛЯ | |
| Текст примечания | Библиогр. в конце докл. |
| 510 1# - ПАРАЛЛЕЛЬНОЕ ЗАГЛАВИЕ | |
| Параллельное заглавие | Innovative technologies in service |
| Язык заглавия | английский |
| 606 1# - НАИМЕНОВАНИЕ ТЕМЫ КАК ПРЕДМЕТ | |
| Наименование темы | Сфера услуг |
| Формальный подзаголовок | Съезды, совещания и т.п |
| Тематический подзаголовок | Инновационная деятельность |
| Географический подзаголовок | Российская Федерация |
| Системный номер авторитетной/нормативной записи | 2411929 |
| Идентификатор авторитетной/нормативной записи | RU\NLR\AUTH\661436996 |
| 675 ## - УНИВЕРСАЛЬНАЯ ДЕСЯТИЧНАЯ КЛАССИФИКАЦИЯ (UDC/УДК) | |
| Индекс | 338 |
| 686 1# - ИНДЕКСЫ ДРУГИХ КЛАССИФИКАЦИЙ | |
| Индекс | У49(2)-55(2Р)я431 |
| 702 #1 - ИМЯ ЛИЦА - ВТОРИЧНАЯ ОТВЕТСТВЕННОСТЬ | |
| Код отношения | Редактор |
| Материалы, к которым относится поле | rus |
| Графика поля | Кириллица |
| Начальный элемент ввода | Карлик |
| Часть имени, кроме начального элемента ввода | А. Е. |
| Даты | 1946- |
| Расширение инициалов личного имени | Александр Евсеевич |
| Идентификатор авторитетной/нормативной записи | RU\NLR\AUTH\7767585 |
| Системный номер авторитетной/нормативной записи | 50513 |
| 711 12 - НАИМЕНОВАНИЕ ОРГАНИЗАЦИИ - АЛЬТЕРНАТИВНАЯ ОТВЕТСТВЕННОСТЬ | |
| Начальный элемент ввода | "Инновационные технологии в сервисе", международная научно-практическая конференция |
| Порядковый номер временной организации и / или порядковый номер ее части | 4 |
| Место проведения временной организации | Санкт-Петербург |
| Дата проведения временной организации | 2014 |
| Системный номер авторитетной/нормативной записи | 490023 |
| Идентификатор авторитетной/нормативной записи | RU\NLR\AUTH\880412294 |
| 942 ## - ДОПОЛНИТЕЛЬНЫЕ ЭЛЕМЕНТЫ ЗАПИСИ (АБИС) | |
| Тип экземпляра АБИС | Книга |
| 980 ## - КОЛЛЕКЦИЯ | |
| Название коллекции | НБР |
Нет доступных экземпляров.